[Event "Scarborough CC LH Summer op"]
[Site "Toronto"]
[Date "2010.06.03"]
[Round "5"]
[White "Radpey, Abdolreza"]
[Black "Moysoski, Randy"]
[Result "0-1"]
[WhiteElo "1587"]
[BlackElo "1955"]
[PlyCount "142"]
[EventDate "2010.04.29"]
[EventType "swiss"]
[EventRounds "8"]
[EventCountry "CAN"]
[SourceTitle "EXT 2022"]
[Source "ChessBase"]
[SourceDate "2021.10.06"]
[SourceVersion "1"]
[SourceVersionDate "2021.10.06"]
[SourceQuality "1"]

1. Nf3 Nf6 2. d4 c5 3. d5 d6 4. c4 g6 5. Nc3 Bg7 6. e4 0-0 7. Be2 Na6 8. a3 e5 9. 0-0 Nc7 10. b4 b6 11. h3 Bd7 12. Nh2 Nfe8 13. Bb2 f5 14. exf5 gxf5 15. g3 Nf6 16. Qc2 Qe8 17. Rae1 Qg6 18. Kh1 Qh6 19. h4 Kh8 20. Bc1 Qg6 21. Rg1 Bh6 22. Bf1 Ng4 23. Nxg4 Bxc1 24. Nxe5 dxe5 25. Qxc1 cxb4 26. axb4 Qd6 27. Qb2 Kg8 28. Bg2 Rae8 29. Re3 Na6 30. Na2 Nc7 31. Rge1 e4 32. Rc1 Rc8 33. Bf1 Ne8 34. Qd4 Qf6 35. Qd2 Qe5 36. f4 Qg7 37. d6 Nf6 38. Be2 Bc6 39. Nc3 Rfd8 40. c5 bxc5 41. bxc5 Ng4 42. Bxg4 Qxg4 43. Kh2 Rd7 44. Nd5 Qg7 45. Kh3 Qf7 46. Ne7+ Qxe7 47. dxe7 Rxd2 48. Ra1 Rd7 49. Kg2 Rxe7 50. Rd1 Rd7 51. Rd6 Rxd6 52. cxd6 Kf7 53. Ra3 Ra8 54. Ra5 Bd7 55. Kf2 a6 56. Re5 Be6 57. Rc5 Rd8 58. Rc6 a5 59. Ra6 Kf6 60. Ke3 a4 61. g4 Bd7 62. gxf5 Kxf5 63. Ra5+ Ke6 64. Kxe4 Bc6+ 65. Ke3 Kxd6 66. f5 Re8+ 67. Kf4 h6 68. Ra6 Re4+ 69. Kg3 Rc4 70. f6 Ke6 71. Ra5 Kxf6 0-1

[Event "Scarborough CC-ch Reserves op"]
[Site "Toronto"]
[Date "2010.04.15"]
[Round "8"]
[White "Southam, David"]
[Black "Moysoski, Randy"]
[Result "0-1"]
[WhiteElo "2168"]
[BlackElo "1886"]
[PlyCount "66"]
[EventDate "2010.02.25"]
[EventType "swiss"]
[EventRounds "9"]
[EventCountry "CAN"]
[SourceTitle "EXT 2022"]
[Source "ChessBase"]
[SourceDate "2021.10.06"]
[SourceVersion "1"]
[SourceVersionDate "2021.10.06"]
[SourceQuality "1"]

1. d4 Nf6 2. Nf3 c5 3. d5 d6 4. c4 g6 5. Nc3 Bg7 6. e4 Ng4 7. h3 Ne5 8. Nxe5 Bxe5 9. Bh6 e6 10. Qd2 a6 11. Bd3 Rg8 12. Be3 exd5 13. exd5 f5 14. 0-0 Kf7 15. Rae1 Qh4 16. f4 Bg7 17. Bf2 Qd8 18. Ne2 Nd7 19. b4 b6 20. Kh1 Nf6 21. Ng1 Bd7 22. Nf3 h6 23. Re2 Nh5 24. Rb1 Re8 25. Rxe8 Qxe8 26. bxc5 bxc5 27. Rb6 Bf8 28. Kh2 a5 29. Rb7 Kg8 30. Bh4 Rb8 31. Ra7 a4 32. Ng1 Bg7 33. Ne2 Nf6 0-1

[Event "Toronto Scarborough CC Falling Leaves"]
[Site "Toronto"]
[Date "2009.12.10"]
[Round "6"]
[White "Moysoski, Randy"]
[Black "Mahoney, Ian"]
[Result "1-0"]
[WhiteElo "1958"]
[BlackElo "1494"]
[PlyCount "51"]
[EventDate "2009.11.05"]
[EventType "swiss"]
[EventRounds "7"]
[EventCountry "CAN"]
[SourceTitle "EXT 2011"]
[Source "ChessBase"]
[SourceDate "2010.11.26"]
[SourceVersion "1"]
[SourceVersionDate "2010.11.26"]
[SourceQuality "1"]

1. e4 c5 2. Nc3 g6 3. g3 Bg7 4. Bg2 Nc6 5. d3 Nf6 6. Be3 d6 7. Nh3 Ng4 8. Bd2 0-0 9. f3 Nf6 10. Be3 d5 11. Bg5 d4 12. Ne2 e5 13. 0-0 Qc7 14. Qd2 b5 15. a4 Ba6 16. Nf2 b4 17. b3 Na5 18. f4 Nd7 19. Bh3 c4 20. bxc4 Nc5 21. Qxb4 Rab8 22. Qa3 Bxc4 23. fxe5 Be6 24. Bxe6 Nxe6 25. Be7 Qxc2 26. Ra2 1-0

[Event "Toronto Scarborough CC Falling Leaves"]
[Site "Toronto"]
[Date "2009.12.03"]
[Round "5"]
[White "Moysoski, Randy"]
[Black "Lin, Tony"]
[Result "1-0"]
[WhiteElo "1958"]
[BlackElo "1652"]
[PlyCount "129"]
[EventDate "2009.11.05"]
[EventType "swiss"]
[EventRounds "7"]
[EventCountry "CAN"]
[SourceTitle "EXT 2011"]
[Source "ChessBase"]
[SourceDate "2010.11.26"]
[SourceVersion "1"]
[SourceVersionDate "2010.11.26"]
[SourceQuality "1"]

1. e4 e6 2. Nf3 c5 3. Nc3 Nc6 4. g3 d5 5. d3 Nf6 6. exd5 exd5 7. Bg2 Be7 8. 0-0 0-0 9. Ng5 h6 10. Nh3 d4 11. Ne2 Re8 12. f3 Nd5 13. Nf2 f5 14. Re1 Bg5 15. Bxg5 hxg5 16. Qd2 Ne3 17. Bh1 Nb4 18. Rec1 Qf6 19. c3 Nc6 20. f4 g4 21. b4 cxb4 22. cxb4 a6 23. a4 a5 24. b5 Nb4 25. Rc7 Rb8 26. Rac1 b6 27. Qb2 Nbd5 28. R7c6 Qd8 29. Qxd4 Bb7 30. Rg6 Nf6 31. Qxd8 Rexd8 32. Rc7 Rd7 33. Rxd7 Nxd7 34. Rd6 Bxh1 35. Kxh1 Nf6 36. Nd4 Rc8 37. Nc6 Re8 38. Ne5 Nfd5 39. h3 gxh3 40. Nxh3 Nc3 41. Rxb6 Nxa4 42. Ra6 Rb8 43. Ng5 Nc3 44. b6 g6 45. b7 Rxb7 46. Rxg6+ Kf8 47. Ne6+ Ke8 48. Rg8+ Ke7 49. Rg7+ Kxe6 50. Rxb7 a4 51. Nc4 Nxc4 52. dxc4 Kd6 53. Kg2 a3 54. Kf3 a2 55. Ra7 Kc5 56. g4 Kb4 57. Rxa2 Nxa2 58. gxf5 Kc5 59. f6 Kd6 60. c5+ Ke6 61. c6 Nb4 62. f7 Kxf7 63. c7 Nd5 64. c8Q Nf6 65. Qc7+ 1-0

[Event "Toronto Scarborough CC Falling Leaves"]
[Site "Toronto"]
[Date "2009.11.26"]
[Round "4"]
[White "Verde, Pino"]
[Black "Moysoski, Randy"]
[Result "1-0"]
[WhiteElo "1830"]
[BlackElo "1958"]
[PlyCount "83"]
[EventDate "2009.11.05"]
[EventType "swiss"]
[EventRounds "7"]
[EventCountry "CAN"]
[SourceTitle "EXT 2011"]
[Source "ChessBase"]
[SourceDate "2010.11.26"]
[SourceVersion "1"]
[SourceVersionDate "2010.11.26"]
[SourceQuality "1"]

1. Nf3 Nf6 2. g3 d6 3. d3 c5 4. e4 Nc6 5. Bg2 Bg4 6. Nbd2 e5 7. a4 Be7 8. Nc4 Qd7 9. h3 Bh5 10. Ne3 Nd4 11. c3 Nxf3+ 12. Bxf3 Bxf3 13. Qxf3 a6 14. Nf5 Bf8 15. g4 g6 16. Ne3 Bg7 17. g5 Nh5 18. Nd5 Qd8 19. a5 0-0 20. Nb6 Rb8 21. Qg4 f5 22. gxf6 Nxf6 23. Qe6+ Rf7 24. Bg5 Qe7 25. Qb3 Kh8 26. Nd5 Qe6 27. Bxf6 Bxf6 28. h4 Qg4 29. Ne3 Qd7 30. h5 Rg7 31. hxg6 Rxg6 32. 0-0-0 Bg5 33. Rdf1 Qb5 34. Rxh7+ Kxh7 35. Qf7+ Rg7 36. Rh1+ Bh6 37. Rxh6+ Kxh6 38. Nf5+ Kg5 39. Qxg7+ Kh5 40. f3 Qxb2+ 41. Kxb2 b6 42. Qg4# 1-0

[Event "Scarborough CC Jack Frost"]
[Site "Toronto"]
[Date "2009.02.19"]
[Round "7"]
[White "Moysoski, Randy"]
[Black "Ferreira, Alex"]
[Result "0-1"]
[WhiteElo "1860"]
[BlackElo "2017"]
[PlyCount "38"]
[EventDate "2009.01.08"]
[EventType "swiss"]
[EventRounds "7"]
[EventCountry "CAN"]
[SourceTitle "EXT 2011"]
[Source "ChessBase"]
[SourceDate "2010.11.26"]
[SourceVersion "1"]
[SourceVersionDate "2010.11.26"]
[SourceQuality "1"]

1. e4 e5 2. f4 Nf6 3. Nc3 d5 4. d3 Bc5 5. Be2 dxe4 6. fxe5 Qd4 7. Bg5 Qf2+ 8. Kd2 Qxg2 9. h4 Qxh1 10. exf6 gxf6 11. Bxf6 e3+ 12. Kc1 Rg8 13. Nf3 Qxd1+ 14. Nxd1 Rg2 15. Bf1 Rg3 16. Be2 Bg4 17. Be5 Rxf3 18. d4 Nc6 19. Bb5 0-0-0 0-1

[Event "Scarborough CC Early Summer Swiss"]
[Site "Toronto"]
[Date "2007.05.31"]
[Round "4"]
[White "Yuan, Yuanling"]
[Black "Moysoski, Randy"]
[Result "1-0"]
[WhiteElo "1951"]
[BlackElo "1941"]
[PlyCount "73"]
[EventDate "2007.05.10"]
[EventType "swiss"]
[EventRounds "8"]
[EventCountry "CAN"]
[SourceTitle "EXT 2022"]
[Source "ChessBase"]
[SourceDate "2021.10.06"]
[SourceVersion "1"]
[SourceVersionDate "2021.10.06"]
[SourceQuality "1"]

1. e4 d5 2. exd5 Nf6 3. d4 Bg4 4. f3 Bf5 5. Bb5+ Nbd7 6. Ne2 Nxd5 7. Ng3 Bg6 8. 0-0 e6 9. Bd3 c6 10. Ne4 Qb6 11. c3 Be7 12. Kh1 N7f6 13. Nbd2 Qc7 14. Nc4 Nd7 15. Ne3 N7f6 16. a4 a5 17. Re1 0-0 18. Nxf6+ Nxf6 19. Bxg6 hxg6 20. Nc4 Rfd8 21. Qe2 Rd5 22. Ne5 Bd6 23. f4 Re8 24. Be3 Bf8 25. Rf1 Rdd8 26. Rf3 Nh5 27. Rh3 Qe7 28. Qf2 f6 29. Nxg6 Qf7 30. Nxf8 Kxf8 31. g4 Nxf4 32. Rh8+ Ke7 33. Rxe8+ Qxe8 34. Qxf4 Qg6 35. Re1 Kd7 36. Bf2 Rh8 37. Bg3 1-0

[Event "Scarborough CC Early Summer Swiss"]
[Site "Toronto"]
[Date "2007.05.24"]
[Round "3"]
[White "Moysoski, Randy"]
[Black "Hall, John2222"]
[Result "0-1"]
[WhiteElo "1941"]
[BlackElo "2084"]
[PlyCount "94"]
[EventDate "2007.05.10"]
[EventType "swiss"]
[EventRounds "8"]
[EventCountry "CAN"]
[SourceTitle "EXT 2022"]
[Source "ChessBase"]
[SourceDate "2021.10.06"]
[SourceVersion "1"]
[SourceVersionDate "2021.10.06"]
[SourceQuality "1"]

1. e4 e5 2. f4 Bc5 3. Nf3 d6 4. Bc4 Nf6 5. d3 Nc6 6. fxe5 dxe5 7. Bg5 h6 8. Bh4 Qd6 9. Nc3 a6 10. h3 g5 11. Bg3 Nh5 12. Bh2 Nf4 13. Qd2 Bd7 14. Nd5 b5 15. Bb3 a5 16. a3 a4 17. Ba2 f6 18. Bg3 Ne7 19. Nxf4 gxf4 20. Bf2 Bxf2+ 21. Qxf2 Be6 22. Bxe6 Qxe6 23. Qc5 Qc6 24. Qc3 Rg8 25. Rg1 Rg3 26. Qxc6+ Nxc6 27. c3 Ke7 28. Ke2 Rag8 29. Nh4 Ke6 30. Nf5 Rxg2+ 31. Rxg2 Rxg2+ 32. Kf3 Rxb2 33. d4 Ne7 34. Nxh6 Rc2 35. d5+ Kd7 36. Ng4 Rxc3+ 37. Kg2 Ng6 38. Nxf6+ Ke7 39. Ng4 Nh4+ 40. Kh2 Kd6 41. Ra2 Nf3+ 42. Kg2 Ng5 43. h4 Rg3+ 44. Kf1 Nxe4 45. Nh6 Rh3 46. Rb2 f3 47. Kg1 f2+ 0-1

[Event "Scarborough CC Late Fall Swiss"]
[Site "Toronto"]
[Date "2006.11.16"]
[Round "3"]
[White "Paterson, Jim"]
[Black "Moysoski, Randy"]
[Result "1-0"]
[WhiteElo "1828"]
[BlackElo "1911"]
[PlyCount "95"]
[EventDate "2006.11.02"]
[EventType "swiss"]
[EventRounds "8"]
[EventCountry "CAN"]
[SourceTitle "EXT 2022"]
[Source "ChessBase"]
[SourceDate "2021.10.06"]
[SourceVersion "1"]
[SourceVersionDate "2021.10.06"]
[SourceQuality "1"]

1. e4 d5 2. c3 dxe4 3. Qa4+ Nc6 4. Qxe4 Nf6 5. Qh4 Bf5 6. d4 e6 7. Bg5 Be7 8. Nd2 h6 9. Ngf3 Bh7 10. Bxf6 Bxf6 11. Qg3 g5 12. Bb5 a6 13. Ba4 b5 14. Bb3 h5 15. Ne5 h4 16. Qe3 Na5 17. Ng4 Be7 18. Qe5 Rg8 19. 0-0 Nxb3 20. Nxb3 Qd6 21. Rfe1 Qxe5 22. Rxe5 0-0-0 23. Nc5 Bd6 24. Re2 a5 25. Nf6 Rh8 26. Nxh7 Rxh7 27. Ne4 Be7 28. f3 Rd5 29. a4 Rg7 30. axb5 Rxb5 31. Nf2 Kd7 32. Ng4 Rf5 33. Ne5+ Kc8 34. Rxa5 g4 35. fxg4 Rxg4 36. Nxg4 Rxa5 37. Ne5 Ra1+ 38. Kf2 Bd6 39. Nxf7 Bxh2 40. Ng5 c5 41. Nxe6 c4 42. Kf3 Rf1+ 43. Ke4 Kd7 44. Kd5 Ra1 45. Kxc4 Ra4+ 46. Kd5 Ra2 47. Nc5+ Kd8 48. Kc6 1-0